[Event "ROM-ch U18"]
[Site "Calimanesti"]
[Date "2018.04.01"]
[Round "7"]
[White "Mortu, Adrian"]
[Black "Padurean, Daniel Cristian"]
[Result "0-1"]
[WhiteElo "1787"]
[BlackElo "2017"]
[PlyCount "116"]
[EventDate "2018.03.27"]
[EventType "swiss"]
[EventRounds "9"]
[EventCountry "ROU"]
[SourceTitle "CBM 183 Extra"]
[Source "ChessBase"]
[SourceDate "2018.04.19"]
[SourceVersion "1"]
[SourceVersionDate "2018.04.19"]
[SourceQuality "1"]

1. b3 e5 2. Bb2 Nc6 3. e3 d5 4. Bb5 Bd6 5. f4 f6 6. fxe5 fxe5 7. Bxe5 Bxe5 8. Bxc6+ Kf8 9. d4 Qh4+ 10. Kf1 bxc6 11. dxe5 Ba6+ 12. Ne2 Ke7 13. Kg1 Qe4 14. Qd2 Bxe2 15. Qxe2 Qxe5 16. c3 Nf6 17. Nd2 Qxc3 18. Rd1 Rhe8 19. h3 Kf8 20. Nf1 Re6 21. Qf3 Rae8 22. Kh2 Kg8 23. Rg1 Ne4 24. Qf4 Qc2 25. Ng3 Nxg3 26. Qxg3 Qxa2 27. Qxc7 Qxb3 28. Qxa7 Qxe3 29. Qb7 Qf4+ 30. Kh1 Qb8 31. Qa6 Qg3 32. Rd3 Qg6 33. Qa3 h6 34. Rg3 Qf6 35. Rf3 Qe7 36. Qb2 Re1 37. Rff1 Rxf1 38. Rxf1 Qe2 39. Qb1 Qe4 40. Qb7 d4 41. Qf7+ Kh7 42. Rf4 Qe1+ 43. Rf1 Qe6 44. Qf3 c5 45. Qd3+ Kh8 46. Rf3 Qd5 47. Qg6 Re1+ 48. Kh2 Qe5+ 49. Qg3 Qxg3+ 50. Kxg3 Re3 51. Rxe3 dxe3 52. Kf3 Kg8 53. Kxe3 Kf7 54. Kd3 Ke6 55. Kc4 Kd6 56. g3 g6 57. Kd3 Kd5 58. Kc3 c4 0-1

[Event "ROM-ch U18"]
[Site "Calimanesti"]
[Date "2018.03.28"]
[Round "2"]
[White "Sandu, Marian Catalin"]
[Black "Padurean, Daniel Cristian"]
[Result "1-0"]
[WhiteElo "2175"]
[BlackElo "2017"]
[PlyCount "117"]
[EventDate "2018.03.27"]
[EventType "swiss"]
[EventRounds "9"]
[EventCountry "ROU"]
[SourceTitle "CBM 183 Extra"]
[Source "ChessBase"]
[SourceDate "2018.04.19"]
[SourceVersion "1"]
[SourceVersionDate "2018.04.19"]
[SourceQuality "1"]

1. d4 Nf6 2. c4 g6 3. Nc3 d5 4. cxd5 Nxd5 5. e4 Nxc3 6. bxc3 Bg7 7. Nf3 c5 8. Be2 0-0 9. Rb1 Nc6 10. d5 Ne5 11. Nxe5 Bxe5 12. Qd2 Qa5 13. Rb3 Bd7 14. f4 Bg7 15. e5 b5 16. c4 Qxd2+ 17. Bxd2 b4 18. g4 a5 19. Rg3 Ra6 20. Kf2 Ba4 21. Be3 Rc8 22. Bd1 Bxd1 23. Rxd1 f6 24. e6 a4 25. Rb1 a3 26. f5 g5 27. Rb3 Kf8 28. Ke2 Ra4 29. Bf2 Ke8 30. Rgd3 Bf8 31. Kd2 Ra6 32. Kc2 Kd8 33. Bg3 Rd6 34. Bxd6 exd6 35. e7+ Kxe7 36. Rh3 h6 37. Rbe3+ Kf7 38. Re6 Rc7 39. Rhe3 Be7 40. Kb3 Ra7 41. h3 Kf8 42. h4 Kf7 43. hxg5 hxg5 44. Rh3 Kg7 45. Rh1 Bf8 46. Re8 Kf7 47. Rhe1 Re7 48. R8xe7+ Bxe7 49. Ka4 Ke8 50. Kb5 Kd7 51. Kb6 Bd8+ 52. Kb7 b3 53. axb3 Ba5 54. Ra1 Bb4 55. Ra2 Kd8 56. Kc6 Ke7 57. Kc7 Ba5+ 58. Kc6 Bb4 59. Ra1 1-0

[Event "ROM-chT2"]
[Site "Slanic Moldova"]
[Date "2017.10.05"]
[Round "6.5"]
[White "Padurean, Daniel Cristian"]
[Black "Dicu, Razvan Stefan"]
[Result "0-1"]
[WhiteElo "2011"]
[BlackElo "2206"]
[PlyCount "32"]
[EventDate "2017.09.30"]
[EventType "team-tourn"]
[EventRounds "9"]
[EventCountry "ROU"]
[SourceTitle "CBM 181 Extra"]
[Source "ChessBase"]
[SourceDate "2017.12.12"]
[SourceVersion "1"]
[SourceVersionDate "2017.12.12"]
[SourceQuality "1"]
[WhiteTeam "Resita Muncitorul"]
[BlackTeam "Otopeni"]
[WhiteTeamCountry "ROU"]
[BlackTeamCountry "ROU"]

1. e4 e6 2. d4 d5 3. Nc3 Bb4 4. Nge2 dxe4 5. a3 Bxc3+ 6. Nxc3 Nc6 7. d5 exd5 8. Qxd5 Qe7 9. Bb5 Bd7 10. Bg5 f6 11. Bf4 0-0-0 12. Qxe4 Qxe4+ 13. Nxe4 Re8 14. f3 f5 15. 0-0 fxe4 16. fxe4 Nf6 0-1

[Event "ROM-chT2"]
[Site "Slanic Moldova"]
[Date "2017.10.02"]
[Round "3.5"]
[White "Mihai, Catalin"]
[Black "Padurean, Daniel Cristian"]
[Result "1/2-1/2"]
[WhiteElo "2085"]
[BlackElo "2011"]
[PlyCount "22"]
[EventDate "2017.09.30"]
[EventType "team-tourn"]
[EventRounds "9"]
[EventCountry "ROU"]
[SourceTitle "CBM 181 Extra"]
[Source "ChessBase"]
[SourceDate "2017.12.12"]
[SourceVersion "1"]
[SourceVersionDate "2017.12.12"]
[SourceQuality "1"]
[WhiteTeam "Brasov CSU"]
[BlackTeam "Resita Muncitorul"]
[WhiteTeamCountry "ROU"]
[BlackTeamCountry "ROU"]

1. c4 e5 2. Nc3 Nf6 3. d3 d5 4. cxd5 Nxd5 5. g3 Nc6 6. Bg2 Be6 7. Nf3 Be7 8. 0-0 0-0 9. h4 h6 10. Bd2 Nb6 11. Na4 f5 1/2-1/2

[Event "ROM-chT2"]
[Site "Slanic Moldova"]
[Date "2017.09.30"]
[Round "1.5"]
[White "Tufa, Mihai"]
[Black "Padurean, Daniel Cristian"]
[Result "0-1"]
[WhiteElo "1932"]
[BlackElo "2011"]
[PlyCount "94"]
[EventDate "2017.09.30"]
[EventType "team-tourn"]
[EventRounds "9"]
[EventCountry "ROU"]
[SourceTitle "CBM 181 Extra"]
[Source "ChessBase"]
[SourceDate "2017.12.12"]
[SourceVersion "1"]
[SourceVersionDate "2017.12.12"]
[SourceQuality "1"]
[WhiteTeam "Galati Diana"]
[BlackTeam "Resita Muncitorul"]
[WhiteTeamCountry "ROU"]
[BlackTeamCountry "ROU"]

1. e4 e5 2. Nf3 Nc6 3. Bb5 a6 4. Bxc6 dxc6 5. Nc3 Bc5 6. Nxe5 Bxf2+ 7. Kxf2 Qd4+ 8. Ke1 Qxe5 9. d4 Qe7 10. Rf1 Be6 11. Kf2 0-0-0 12. Kg1 h5 13. Be3 Nh6 14. a3 Ng4 15. Qf3 Qh4 16. h3 Nxe3 17. Qxe3 g5 18. Rad1 g4 19. Qf2 Qxf2+ 20. Rxf2 gxh3 21. gxh3 Rhg8+ 22. Kh2 Rg5 23. Rg2 Rxg2+ 24. Kxg2 Rg8+ 25. Kh2 f5 26. d5 cxd5 27. Nxd5 Bxd5 28. exd5 Re8 29. Rf1 Re2+ 30. Kg3 Rxc2 31. Rxf5 Rxb2 32. Rxh5 Rb3+ 33. Kg4 Rxa3 34. Rf5 b5 35. h4 Ra1 36. h5 Rg1+ 37. Kf4 b4 38. Ke4 b3 39. Rf2 a5 40. Kd4 Rh1 41. Kc4 Rxh5 42. Rd2 a4 43. Kb4 Rh4+ 44. Ka3 Kd7 45. Rd3 Rc4 46. Rh3 Kd6 47. Rh5 Rc2 0-1